Dynamics of Marketing Principles <A> Reader
Salvato in:
| Autore principale: | |
|---|---|
| Altri autori: | |
| Natura: | Libro |
| Lingua: | inglese |
| Pubblicazione: |
Glenview
Scott, Foresman and Co.
1983
|
| Edizione: | 1. ed. |
| Soggetti: | |
| Tags: |
Nessun Tag, puoi essere il primo ad aggiungerne!!
|
MARC
| LEADER | 00000nam a2200000 4500 | ||
|---|---|---|---|
| 001 | c001040 | ||
| 005 | 20221220090531.5 | ||
| 020 | |a 0-673-15846-2 | ||
| 041 | 0 | |a eng | |
| 044 | |a US | ||
| 245 | 1 | 0 | |a Dynamics of Marketing Principles |b <A> Reader |c Thomas C. Kinnear, Bernhardt L. Kenneth |
| 250 | |a 1. ed. | ||
| 264 | 1 | |a Glenview |b Scott, Foresman and Co. |c 1983 | |
| 300 | |a 358 s. | ||
| 610 | 2 | 0 | |a marketing |
| 610 | 2 | 0 | |a trh |
| 610 | 2 | 0 | |a výrobky |
| 610 | 2 | 0 | |a distribúcia |
| 610 | 2 | 0 | |a predaj |
| 610 | 2 | 0 | |a reklama |
| 610 | 2 | 0 | |a tvorba cien |
| 610 | 2 | 0 | |a ceny |
| 610 | 2 | 0 | |a výrobky nové |
| 100 | 1 | |a Kinnear, Thomas C. | |
| 700 | 1 | |a Kenneth, Bernhardt L. | |